00873nam a2200217 a 450000100100000000500170001000800410002704000250006808200200009310000280011324500910014126000370023230000210026965000280029065000310031870000380034904900090038795201180039695201240051499900170063800001111320240412074223.0091014s1991 dr 000 p spa d aDO-SdBNPbspacBNPHU aRD861.44bR175s1 aRamos, Enemencio92661913aEl secreto virginal y otras décimas /cEnemencio Ramos ; editor Norberto A. Quezada. aSanto Domingo, :bTaller,c1991. a133 p. ;c21 cm. 0aPoesía dominicana966 0aLiteratura dominicana.9671 aQuezada, Norberto A.,eed.926620 aBNPD 0010718PDaPDbPDcCTd2009-10-14iLF1l0oRD861.44 R175sp11113-10r2020-06-25w2020-06-25yLFPDZNo se presta 0010718PDaPDbPDcCTd2009-10-14iLF1l0oRD861.44 R175sp11113-20r2020-06-25te. 2w2020-06-25yLFPDZNo se presta c10838d10838